01005nam a2200253 a 4500001001000000003000900010005001700019008004100036020001800077040002500095082002600120100003700146245012000183260004900303300002800352590002600380650003700406650004500443700005200488910003700540942001400577952014300591999001700734000046811DO-SdBNP20230719140307.0180328s2015 dr a 000 0 spa d a9789945492675 aDO-SdBNPbspacBNPHU 4aRD861.4408bR918n222 aRueda, Manuel,d1921-199992283410aNoche de nadie :bantología poética /cManuel Rueda ; edición y selección León Félix Batista y Santana. aSanto Domingo :bEdiciones Ferilibro,c2015. a342 p. :bil. ;c27 cm. aInventariado, 2018/BT 4aPoesía dominicanavColecciones 4aLiteratura dominicanavColecciones971231 aBatista y Santana, León Félix eed.983798 aValidado. Control de calidad MFF 2ddccLBS1 00102ddc51708PDaBNPHUbBNPHUcHDd2018-03-28iLF1l0oBNPHU PD RD861.4408 R918np46811-10r2020-06-25w2020-06-25yLBS1ZNo se presta c46300d46300